| 000 | 00877nam a2200265Ia 4500 | ||
|---|---|---|---|
| 003 | OSt | ||
| 005 | 20220927115027.0 | ||
| 006 | a|||||r|||| 00| 0 | ||
| 007 | ta | ||
| 008 | 220926b |||||||| |||| 00| 0 eng d | ||
| 024 | _a120555 | ||
| 037 | _cThesis and Dissertations | ||
| 040 |
_aRTL _cRTL _beng |
||
| 041 |
_2eng _aeng |
||
| 082 | _a"T4:7(W).41.N3, M0" | ||
| 100 |
_aUberoi Patricia Robyn _9390076 |
||
| 110 |
_aUniversity Of Delhi. Deptt Of Sociology _9390077 |
||
| 245 | 0 | _aConginitive study of revolutionary discourse | |
| 260 |
_aDelhi _bUniversity Of Delhi India _c1980 |
||
| 300 |
_a444p. Bib p. 390-431 _ccm. |
||
| 650 | _aUniversity - Education | ||
| 700 |
_aUniversity Of Delhi. Deptt Of Sociology _9390078 |
||
| 942 |
_h"T4:7(W).41.N3, M0" _cCC |
||
| 999 |
_c705454 _d705454 |
||